A concise course in French
Gardado en:
| Autor Principal: | |
|---|---|
| Formato: | Libro |
| Idioma: | inglés |
| Publicado: |
Ressource Francophone
2016
|
| Tags: |
Engadir etiqueta
Sen Etiquetas, Sexa o primeiro en etiquetar este rexistro!
|
MARC
| LEADER | 00000nam a22000007a 4500 | ||
|---|---|---|---|
| 008 | 230614b |||||||| |||| 00| 0 eng d | ||
| 020 | |a 9789784908436 | ||
| 100 | |a AYELERU, Tunde | ||
| 245 | |a A concise course in French |c / Tunde Ayeleru |g vi,108p. | ||
| 260 | |b Ressource Francophone |c 2016 |h Ibadan |i 691460 |l PC2065.Ay2 |m French language - Study and teaching. |m French language - Vocabularies - Study and teaching. |m French language - Grammar - Study and teaching. | ||
| 942 | |a lcc |c BK |e A.R.Akinniyi |f 14:6:23 | ||
| 952 | |0 0 |1 0 |2 lcc |4 0 |6 PC2065 A Y2 |7 0 |9 4245 |a HOL |b HOL |c LP |d 2023-06-14 |l 0 |o PC2065.Ay2 |p 2023-0174 |r 2023-06-14 00:00:00 |t 691460 |w 2023-06-14 |y BK | ||
| 999 | |c 2131 |d 2131 | ||